书目信息 |
| 题名: |
董建华家族
|
|
| 作者: | 萧亮 , 蓝潮 著 | |
| 分册: | ||
| 出版信息: | 广州 广州出版社 1996 |
|
| 页数: | 414页 | |
| 开本: | 20cm | |
| 丛书名: | ||
| 单 册: | ||
| 中图分类: | K820.97 , K827 | |
| 科图分类: | ||
| 主题词: | 家族 | |
| 电子资源: | ||
| ISBN: | 7-80592-572-0 | |
| 000 | 00669nam0 2200253 450 | |
| 001 | 1531691102 | |
| 005 | 20150121084857.68 | |
| 010 | @a7-80592-572-0@dCNY19.90 | |
| 100 | @a19970915d1996 em y0chiy0110 ea | |
| 101 | 0 | @achi |
| 102 | @aCN@b440000 | |
| 105 | @af z 000yd | |
| 200 | 1 | @a董建华家族@9dong jian hua jia zu@f萧亮,蓝潮著 |
| 210 | @a广州@c广州出版社@d1996 | |
| 215 | @a414页@c照片@d20cm | |
| 600 | 0 | @a董建华@x家族@x史料 |
| 600 | 0 | @2CT@3S906321@a董建华 |
| 606 | 0 | @a家族 |
| 690 | @aK820.97@v5 | |
| 690 | @aK827@v4 | |
| 701 | 0 | @a萧亮@9xiao liang@4著 |
| 701 | 0 | @a蓝潮@9lan chao@4著 |
| 801 | 0 | @aCN@bTSSF@c20150121 |
| 905 | @aZUCC@dK827@eJY102 | |
| 董建华家族/萧亮,蓝潮著.-广州:广州出版社,1996 |
| 414页:照片;20cm |
| ISBN 7-80592-572-0:CNY19.90 |
| ● |
| 相关链接 |
|
|
|
|
正题名:董建华家族
索取号:K827/JY102
 
预约/预借
| 序号 | 登录号 | 条形码 | 馆藏地/架位号 | 状态 | 备注 |
| 1 | 7836566 | 278365662 | 学院路分馆/ [索取号:K827/JY102] | 在馆 | |
| 2 | 7836567 | 278365671 | 学院路分馆/ [索取号:K827/JY102] | 在馆 |